000 02220nam a22003377a 4500
005 20150312020002.0
008 140506s2014 enk 001 0 eng
020 _a9781118291061 (cloth)
020 _a9781118291078 (pbk.)
040 _aDLC
_cDLC
_dCO-BoIAVH
041 _aeng
044 _axxu
082 0 0 _a639.9
_bF94w
100 1 _aFryxell, John M.,
_d1954-
_933418
245 1 0 _aWildlife ecology, conservation, and management.
_cJohn M. Fryxell, Anthony R.E. Sinclair and Graeme Caughley.
250 _aThird edition /
260 _aReino Unido:
_bWiley,
_c2014.
300 _a509 pages
_c25 cm.
500 _aEste libro va acompañado de un sitio web complementario www.wiley.com/go/Fryxell/Wildlife que incluye recursos adicionales, powerpoints de todas las cifras del libro para descargar, PDF´s de todas las tablas del libro para descargar
504 _aIncluye referencias bibliográficas (pag. 435-4889, índice y glosario
505 _aPart 1. Wildlife ecology Food and nutrition Home range and habitat use Dispersal, dispersion and distribution Population growth and regulation Competition and facilitation beteen species Predation Parasites and pathogens Consumer -resource dynamics The ecology of behavior Climate change and wildlife
505 _aPart 2. Wildlife conservation and management Counting animals Age and stage structure Experimental management Model evaluation and adaptative management Population viability analysis Conservation in practice Wildlife harvesting Wildlife control Evolution and conservation genetics Habitat loss and metapopulation dynamics Ecosystem management and conservation
650 0 _aWildlife management.
_933419
650 0 _aWildlife conservation.
_933420
650 0 _aAnimal ecology.
_933421
650 0 _aManejo de la vida silvestre
_933422
700 1 _aSinclair, A. R. E.
_q(Anthony Ronald Entrican)
_933423
700 1 _aCaughley, Graeme.
_922233
776 0 8 _iOnline version:
_aFryxell, John M., 1954-
_tWildlife ecology, conservation, and management.
_bThird edition / John M. Fryxell, Anthony R.E. Sinclair, Graeme Caughley.
_dChichester, West Sussex : John Wiley & Sons, Inc. 2014
_z9781118348192
_w(DLC) 2014018491
942 _2ddc
_cLIBRO
_01
999 _c9094
_d9094